书目信息 |
| 书名: | Empire of the sun | |
| 作者: | J. G. Ballard | |
| 分册号: | ||
| 分册名: | 出版地: | America |
|
| 出版社: | Simon & schuster paperbacks | |
| 出版时间: | 1984 | |
| 页数: | 279p | |
| 开本: | 21cm | |
| 丛书名: | ||
| 中图分类号: | ||
| 科图分类号: | ||
| 其他分类号: | I712.4 | |
| 主题词: | ||
| 电子资源: | ||
| 000 | 00398nam0 2200145 450 | |
| 001 | 202012195090 | |
| 005 | 20121108165013.0 | |
| 008 | 20010101s | |
| 020 | @a978-0-7432-6523-2@c$13.00 | |
| 099 | @dI712.4@eJ112 | |
| 245 | 10 | @aEmpire of the sun@cJ. G. Ballard |
| 260 | 0 | @aAmerica@bSimon & schuster paperbacks@c1984 |
| 300 | @a279p@c21cm | |
| 905 | @b10578 | |
| 905 | @aTSG@dI712.4@eJ112 | |
| Empire of the sun / J. G. Ballard.-America : Simon & schuster paperbacks , 1984 |
| 279p ; 21cm |
| ISBN 978-0-7432-6523-2$13.00 |
| ● |
| 相关链接 |
|
|
|
正题名:Empire of the sun
索取号:I712.4/J112
 
预约/预借
| 序号 | 登录号 | 条形码 | 馆藏地/架位号 | 状态 | 备注 |
| 1 | 10578 | 300105785 | 文学库116/400A自科库 19排1列2层/ [索取号:I712.4/J112] | 在馆 |